Filmrolle zu Schauspieler/in (3) - Statistiken

Allgemein
  • Dieses Quiz wurde 1.085 mal gespielt
  • Das Durchschnittsergebnis liegt bei 9 aus 15
Antwortstatistiken
Rolle Rolle Rolle Rolle Schauspieler/in % Korrekt
Gellert Grindelwald Captain Jack Sparrow Willy Wonka Charlie Mortdecai Johnny Depp
93%
Walter Mabry Manny Igor Straussmann Harry Potter Daniel Radcliff
84%
Lara Croft Jane Smith Olympias Maleficent Angelina Jolie
80%
Dr. Viktor Fries/Mr. Freeze T-800 Terminator Conan Trench Arnold Schwarzenegger
78%
Dominick "Dom" Cobb Jack Dawson Jordan Belfort Jay Gatsby Leonardo DiCaprio
71%
Major Marquis "Der Kopfgeldjäger" Warren Mace Windu Nick Fury Jules Winnfield Samuel L. Jackson
67%
Wilhelm Grimm Linus Caldwell/Lenny Pepperidge Jason Bourne Mark Watney Matt Damon
65%
Hans Gruber Eli Michaelson Severus Snape Antoine Richis Alan Rickman
62%
Jacqueline "Jackie" Kennedy Padmè Amidala Jane Foster Evey Hammond Natalie Portman
58%
Sir Leigh Teabing Gandalf Magneto Richard III., Herzog von Gloucester Ian McKellen
48%
Daenerys Qi'ra Sarah Connor Louisa Clark Emilia Clarke
46%
Marty McFly Frank Bannister Milo Thatch Benjamin Stone Michael J. Fox
39%
Mr. Hinx Drax, der Zerstörer Tong Po Sapper Morton Dave Bautista
38%
Two-Face / Harvey Dent Robert Dewey Agent K Fred Blake / Giovanni Manzoni Tommy Lee Jones
26%
Scott Calvin/Santa Claus Doug Madsen Luther Krank Timothy "Tim" Taylor Tim Allen
25%
Keine übereinstimmenden Quizze gefunden
Verteilung der Resultate
Anzahl Personen mit jedem Resultat
Perzentil nach korrekt beantworteten Fragen
Ihre Resultats-Entwicklung
Sie haben dieses Quiz noch nicht gespielt